00490nam a2200145Ia 4500008004100000020001800041082001400059100004100073245003900114260001000153500001900163942000700182952014000189999001500329260604s9999 xx 000 0 und d a9780603570360 a808.3 MUR aDean International Publishing935383 0aMy Naughty Little Sister`s Friends bSHREE aNaughty Little cBK 00104070aIIMVbIIMVcChildren Collectiond2026-06-04g250.00l0o808.3 MURp003804r2026-06-04 10:19:17v250.00w2026-06-04yBKBMUR c8186d8186